Comunicación relativa a la inspección de los seguros sociales / (Record no. 132132)

MARC details
000 -LEADER
campo de control de longitud fija 00725nam a2200193 4500
001 - NÚMERO DE CONTROL
campo de control 132132
003 - IDENTIFICADOR DE NÚMERO DE CONTROL
campo de control ES-MaACL
005 - FECHA Y HORA DE LA ÚLTIMA TRANSACCIÓN
campo de control 20230906194118.0
007 - CAMPO FIJO DE DESCRIPCIÓN FÍSICA--INFORMACIÓN GENERAL
campo de control de longitud fija t|
008 - DATOS DE LONGITUD FIJA--INFORMACIÓN GENERAL
campo de control de longitud fija 070214q1946 sp r ||||1| spa d
100 1# - ENTRADA PRINCIPAL--NOMBRE DE PERSONA
Nombre de persona Rodríguez de la Sierra y Benítez, Eutropio.
9 (RLIN) 98455
245 10 - MENCIÓN DEL TÍTULO
Título Comunicación relativa a la inspección de los seguros sociales /
Mención de responsabilidad, etc. por Eutropio Rodríguez de la Sierra y Benítez.
260 ## - PUBLICACIÓN, DISTRIBUCIÓN, ETC.
Lugar de publicación, distribución, etc. Almería :
Nombre del editor, distribuidor, etc. [s. n.,
Fecha de publicación, distribución, etc. [1946] (
Fabricante Imp. La Crónica)
300 ## - DESCRIPCIÓN FÍSICA
Extensión 15 p. ;
Dimensiones 22 cm.
594 ## - Nota al título y mención de responsabilidad
Nota al título y mención de responsabilidad Precede al tít.: Congreso de Estudios Sociales. Sección 5ª.
650 #4 - PUNTO DE ACCESO ADICIONAL DE MATERIA--TÉRMINO DE MATERIA
Término de materia o nombre geográfico como elemento de entrada Seguridad social.
9 (RLIN) 136859
711 2# - ENTRADA AGREGADA--NOMBRE DE REUNIÓN
Nombre de congreso/reunión o jurisdicción como elemento de entrada Congreso de Estudios Sociales (
Fecha del congreso o de la firma del tratado 1945.
Sede del congreso/Lugar de la reunión Madrid)
9 (RLIN) 173563
852 ## - LOCALIZACIÓN
Ubicación ES-MaACL
Número de control de estantería 1866-F-6
Holdings
Estatus retirado Estado de pérdida Estado de daño No para préstamo Colección Biblioteca de origen Biblioteca actual Ubicación en estantería Fecha de adquisición Fuente de adquisición Total de préstamos Signatura topográfica completa Código de barras Visto por última vez Precio de reemplazo Tipo de ítem Koha
        Colección de folletos Biblioteca del Ateneo de Madrid Biblioteca del Ateneo de Madrid Depósito folletos 17/01/2008     1866-F-6 1137564 23/02/2023 23/02/2023 Folleto